| 000 | 01350nam0a2200385 4500 | ||
|---|---|---|---|
| 001 | RU\NLR\BIBL_A\012242487 | ||
| 005 | 20200622154347.0 | ||
| 010 |
_a978-5-17-116791-2 _92000 |
||
| 021 |
_aRU _bКН-П-20-004896 _9КН-П-20-0373 |
||
| 035 | _a(NLR Aleph) 012242487 | ||
| 035 | _a(RuMoRGB)010240204 | ||
| 090 |
_a11038192 _c11038192 |
||
| 100 | _a20200311d2020 b y0rusy50 ca | ||
| 101 | 1 |
_arus _ceng |
|
| 102 | _aRU | ||
| 105 | _aa|||z|||000zy | ||
| 181 | 0 |
_ai _baxxe |
|
| 182 | 0 | _an | |
| 200 | 1 |
_aМой папа - тигр! _e[для детей до 3-х лет _fСебастьян Браун _gперевод с английского Михаила Визеля] |
|
| 203 |
_aТекст _bвизуальный _cнепосредственный |
||
| 210 |
_aМосква _cАСТ _d2020 |
||
| 215 |
_a[33] с. _cцв. ил. _d29 |
||
| 225 | 1 | _aКнижки про папу | |
| 225 | 1 | _aКниги Вилли Винки | |
| 300 | _aАвт. указан на обл. | ||
| 333 | _a0+, 6- | ||
| 686 | 0 | _aШ9(4Вл)60-4 | |
| 700 | 1 |
_7ca _8rus _aБраун _bС. _f1971- _gСебастьян _9217645 _3RU\NLR\AUTH\770217701 |
|
| 942 | _cBOOK | ||
| 980 | _aNBR | ||
| 980 | _aNB | ||